Quantitative aptitude for competitive examinations / (Record no. 166013)

MARC details
000 -LEADER
fixed length control field 00792nam a22002177a 4500
005 - DATE AND TIME OF LATEST TRANSACTION
control field 20230628113547.0
010 ## - LCCN (DPL NO)
LC control number B-728454 ENG-137199
020 ## - INTERNATIONAL STANDARD BOOK NUMBER
International Standard Book Number 9789352534029
Terms of availability 725.00
035 ## - SYSTEM CONTROL NUMBER
System control number B-728454 EN-120731
037 ## - SOURCE OF ACQUISITION
Source of stock number/acquisition RK Books
082 ## - DEWEY DECIMAL CLASSIFICATION NUMBER
Classification number 513
100 ## - MAIN ENTRY--PERSONAL NAME
Personal name Aggarwal,R.S.
245 ## - TITLE STATEMENT
Title Quantitative aptitude for competitive examinations /
Statement of responsibility, etc by R. S. Aggarwal
250 ## - EDITION STATEMENT
Edition statement rev.ed
260 ## - PUBLICATION, DISTRIBUTION, ETC. (IMPRINT)
Place of publication, distribution, etc New Delhi
Name of publisher, distributor, etc S. Chand
Date of publication, distribution, etc 2017
270 ## - ADDRESS
Address 7361, Ram Nagar
City New Delhi
Postal code 110055
300 v# - PHYSICAL DESCRIPTION
Extent 952p.
Dimensions 26cm(pbk)
500 ## - GENERAL NOTE
General note for competitive examinations (fully solved)
942 ## - ADDED ENTRY ELEMENTS (KOHA)
Source of classification or shelving scheme Dewey Decimal Classification
Item type English Books
Classification part 513
Call number suffix AGG
Holdings
Withdrawn status Lost status Not for loan Collection code Home library Current library Date acquired Source of acquisition Cost, normal purchase price Full call number Barcode Copy number Cost, replacement price Koha item type Public note
      Non-fiction Bawana Bawana 10/07/2019 RK Books/IN569/2019-20/17.06.2019/09/06.06.2019/28.06.2019 725.00 513 AGG B-728454 1 725.00 English Books Spl. power
      Non-fiction Bawana Bawana 28/06/2023 DBAD/PUB 725.00 513 AGG EN-120731 1 725.00 English Books  

© Delhi Public Library
Hit Counter
free hit counter